| 000 | 01099nam a22002177a 4500 | ||
|---|---|---|---|
| 999 |
_c58980 _d58980 |
||
| 003 | Ge_BSU | ||
| 005 | 20221027105440.0 | ||
| 008 | 221027s2000 ge ||||| |||| 00| 0 geo d | ||
| 020 | _a9992844787 | ||
| 041 | _ageo | ||
| 080 | _a32.001(075.8) ჯ-26 | ||
| 100 |
_aჯაფარიძე, შოთა _94625 |
||
| 245 |
_aპოლიტოლოგია : _bნაწ. 2 / _cშოთა ჯაფარიძე; რედ.: ვლადიმერ ჭანუყვაძე. ბსუ, ფილოსოფიის და პოლიტოლოგიის კათედრა. |
||
| 264 |
_aბათუმი : _bაჭარა, _c2000. |
||
| 300 |
_a556 გვ. ; _b20 სმ. |
||
| 504 | _aბიბლიოგრ. ტექსტის შენიშვნებში. | ||
| 653 | _aპოლიტოლოგია | ||
| 700 |
_aჭანუყვაძე, ვლადიმერ _eრედაქტორი _915570 |
||
| 710 |
_aბსუ _bფილოსოფიის და პოლიტოლოგიის კათედრა. _915568 |
||
| 942 |
_2udc _cBK |
||